000 00477nam a2200157Ia 4500
999 _c22277
_d22277
003 OSt
005 20200319102236.0
008 190216s9999||||xx |||||||||||||| ||und||
040 _coclc
082 _a901.9
_bKHA/C
100 _aKhan, Moulana Waheedudheen
_92006
245 0 _aCharithram Nalkunna Padam /
_cMoulana Waheedudheen Khan
260 _bYuvatha Book House,
_c1987.
_aCalicut:
300 _a130p
942 _cBK
_2ddc
_h901.9
_iKHA/C
_k901.9
_mKHA/C